Results of spirit leveling in Oregon, 1896 to 1913, inclusive, (Record no. 25366)

MARC details
000 -LEADER
fixed length control field 00853cam a22002291 4500
001 - CONTROL NUMBER
control field gs 14000473
003 - CONTROL NUMBER IDENTIFIER
control field DLC
005 - DATE AND TIME OF LATEST TRANSACTION
control field 20260227111315.0
008 - FIXED-LENGTH DATA ELEMENTS--GENERAL INFORMATION
fixed length control field 860226s1914 dcuf f000 0 eng c
010 ## - LIBRARY OF CONGRESS CONTROL NUMBER
LC control number gs 14000473
035 ## - SYSTEM CONTROL NUMBER
System control number (OCoLC)13203037
040 ## - CATALOGING SOURCE
Original cataloging agency U. S. Geol. Survey. Library
Transcribing agency TxHR
Modifying agency DLC
042 ## - AUTHENTICATION CODE
Authentication code premarc
050 00 - LIBRARY OF CONGRESS CALL NUMBER
Classification number QE75
Item number .B9 no. 556
100 1# - MAIN ENTRY--PERSONAL NAME
Personal name Marshall, R. B.
Fuller form of name (Robert Bradford),
Dates associated with a name 1867-1949.
245 10 - TITLE STATEMENT
Title Results of spirit leveling in Oregon, 1896 to 1913, inclusive,
Statement of responsibility, etc. R. B. Marshall, chief geographer; work done in cooperation with the state from 1905 to 1913, inclusive, John H. Lewis, state engineer.
260 ## - PUBLICATION, DISTRIBUTION, ETC.
Place of publication, distribution, etc. Washington,
Name of publisher, distributor, etc. Govt. Print. Off.,
Date of publication, distribution, etc. 1914.
300 ## - PHYSICAL DESCRIPTION
Extent 175 p.
Other physical details pl.
Dimensions 24 cm.
490 0# - SERIES STATEMENT
Series statement U. S. Geological Survey. Bulletin
Volume/sequential designation 556
651 #0 - SUBJECT ADDED ENTRY--GEOGRAPHIC NAME
Geographic name Oregon
General subdivision Altitudes.
710 1# - ADDED ENTRY--CORPORATE NAME
Corporate name or jurisdiction name as entry element Oregon.
Subordinate unit State Engineer.

No items available.

Powered by Koha